00329nam a2200133Ia 4500003000400000008004100004020002300045040000800068100001900076245005000095260002300145300001500168365001200183LDD181029s9999 xx 000 0 und d a761971475cP 24.99 cLDD aSmith, Malcolm 0aResearch methods in accountingcMalcolm Smith aLondonbSagec2006 axiv, 241p. bP 24.99